Ingeniería Mecánica

I tiakina i:
Ngā taipitopito rārangi puna kōrero
Ngā kaituhi matua: Higdon, Archie (Author), Stiles, William B (Author), Davis, Arthur W (Author), Evces, Charles R (Author), Wese, John A (Author)
Hōputu: Pukapuka
Reo:Pāniora
I whakaputaina: Englewood Cliffs Prentice-Hall 1979
Ngā marau:
Ngā Tūtohu: Tāpirihia he Tūtohu
Kāore He Tūtohu, Me noho koe te mea tuatahi ki te tūtohu i tēnei pūkete!

MARC

LEADER 00000cam a2200000 a 4500
001 UCI8749
003 CL-VaPUC
008 080925e19790000us |||||||||||||||||spa|d
082 0 4 |a 620.103  |b HIG  |2 21 
100 |a Higdon, Archie  |e author  |9 532343 
700 0 |a Stiles, William B  |e author  |9 532344 
700 0 |a Davis, Arthur W  |e author  |9 532345 
700 0 |a Evces, Charles R  |e author  |9 532346 
700 0 |a Wese, John A  |e author  |9 532347 
245 1 0 |a Ingeniería Mecánica 
300 |a t 
942 |c BK 
945 |d 20080925 00:00:00  |a jtorresc 
260 |a Englewood Cliffs  |b Prentice-Hall  |c 1979 
500 |a t.1: Estática vectorial 
500 |a T.2: Dinámica vectorial 
650 0 |a Ingeniería mecánica   |9 262089 
650 0 |a Estática  |9 260452 
650 0 |a Vectores  |9 317184 
650 0 |a Equilibrio  |9 362780 
650 0 |a Movimiento  |9 322237 
650 7 |a FUERZAS  |2 CL-VaPUC  |9 360776 
650 7 |a FRICCION  |2 CL-VaPUC  |9 346652 
650 7 |a INERCIA  |2 CL-VaPUC  |9 344732 
650 0 |a Trabajo  |9 313876 
583 |a last modification  |c 20150424 04:44:41  |k Rodrigo Vera 
999 |c 331543  |d 331541 
952 |0 0  |1 0  |4 0  |6 620_103000000000000_HIG_1979  |7 0  |8 A  |9 418286  |a BIBING  |b BIBING  |d 2019-11-22  |h t.1  |i 4483316  |o 620.103 HIG 1979  |p 4483316  |r 2025-01-20  |w 2019-11-22  |y BK  |k CIC 
952 |0 0  |1 0  |4 0  |6 620_103000000000000_HIG_1979  |7 0  |8 A  |9 418287  |a BIBING  |b BIBING  |d 2019-11-22  |h t.2  |i 4483324  |o 620.103 HIG 1979  |p 4483324  |r 2025-01-20  |w 2019-11-22  |y BK  |k CIC